Loading...
| Fine Arts - Auditory | 5 | 16.00 | 320% | 120% | 40% |
| Fine Arts - Other | 3 | 10.00 | 0% | 133% | 67% |
| Fine Arts - Visual | 4 | 17.50 | 100% | 100% | 200% |
| Geography | 1 | 10.00 | 0% | 0% | 200% |
| History - American | 6 | 10.00 | 133% | 67% | 67% |
| History - European | 5 | 12.00 | 160% | 160% | 0% |
| History - Other | 4 | 12.50 | 200% | 50% | 100% |
| History - World | 4 | 17.50 | 200% | 150% | 100% |
| Literature - American | 7 | 12.86 | 229% | 57% | 86% |
| Literature - British | 6 | 13.33 | 333% | 33% | 67% |
| Literature - European | 4 | 15.00 | 300% | 150% | 0% |
| Literature - World | 4 | 17.50 | 300% | 150% | 50% |
| Mythology | 5 | 18.00 | 160% | 160% | 120% |
| Other Academic | 1 | 30.00 | 400% | 200% | 200% |
| Philosophy | 5 | 10.00 | 160% | 0% | 120% |
| Pop Culture | 2 | 10.00 | 0% | 100% | 100% |
| Religion | 7 | 14.29 | 229% | 0% | 171% |
| Science - Biology | 5 | 12.00 | 160% | 40% | 120% |
| Science - Chemistry | 4 | 15.00 | 200% | 50% | 150% |
| Science - Other | 6 | 11.67 | 200% | 33% | 100% |
| Science - Physics | 4 | 10.00 | 100% | 100% | 50% |
| Social Science | 6 | 13.33 | 133% | 67% | 133% |